[Event "Bad Woerishofen sen"]
[Site "?"]
[Date "2002.??.??"]
[Round "4"]
[White "Bakalarozyk, Wiodzimien"]
[Black "Haasper, Peter"]
[Result "1/2-1/2"]
[WhiteElo "2000"]
[BlackElo "1802"]
[Annotator "ChessOrg"]
[PlyCount "74"]
[EventDate "2002.??.??"]

1. d4 Nf6 2. c4 g6 3. Nf3 Bg7 4. Nc3 O-O 5. e4 d6 6. Be2 Nbd7 7. O-O e5 8. d5
Nc5 9. Qc2 a5 10. Ne1 Ne8 11. Nd3 f5 12. Nxc5 dxc5 13. Be3 b6 14. exf5 gxf5 15.
f3 Nd6 16. Rad1 f4 17. Bf2 Qg5 18. Kh1 Rf6 19. Bd3 Rh6 20. Bg1 Qh5 21. Rfe1 Bf5
22. Ne4 Bxe4 23. fxe4 Rf8 24. Be2 Qg6 25. Bf3 Rf5 26. Bf2 Rg5 27. Qe2 Qe8 28.
b3 Qe7 29. h3 Qd7 30. Kh2 Ne8 31. Rh1 Nf6 32. Rd3 Bf8 33. Be1 Bd6 34. Qf1 Ng4+
35. Bxg4 Qxg4 36. Qf3 Qd7 37. Kg1 Rg7 1/2-1/2

[Event "Bad Woerishofen sen"]
[Site "?"]
[Date "2002.??.??"]
[Round "4"]
[White "Scheerer, Helmut"]
[Black "Thielemann, Joachim"]
[Result "0-1"]
[WhiteElo "1846"]
[BlackElo "2073"]
[Annotator "ChessOrg"]
[PlyCount "100"]
[EventDate "2002.??.??"]

1. e4 e5 2. Bc4 Nf6 3. Nc3 Be7 4. d3 O-O 5. Nf3 d6 6. h3 Nc6 7. O-O Na5 8. Bb3
Nxb3 9. axb3 h6 10. Nh2 d5 11. exd5 Nxd5 12. Nf3 Bf6 13. Ne4 Re8 14. Be3 b6 15.
Nxf6+ Qxf6 16. Nd2 a5 17. Ra4 Bd7 18. Rc4 Qg6 19. Qf3 c6 20. Ne4 Rab8 21. Qg3
Re6 22. Bd2 f5 23. Qxg6 Rxg6 24. Nc3 Nb4 25. Ne2 Be6 26. Rc3 f4 27. d4 Bd5 28.
f3 exd4 29. Nxd4 Rf6 30. Re1 Kf7 31. Re5 Re8 32. Rxe8 Kxe8 33. Kf2 Kd7 34. g3
fxg3+ 35. Kxg3 c5 36. Ne2 g5 37. f4 Re6 38. Kf2 Rf6 39. Kg3 Rg6 40. fxg5 hxg5
41. Kg4 Be6+ 42. Kh5 Bf7 43. Kg4 Re6 44. Ng3 Rd6 45. Bxg5 Be6+ 46. Kf4 Nd5+ 47.
Ke4 Nxc3+ 48. bxc3 Bxh3 49. Ne2 Bg4 50. Nf4 Bd1 0-1

[Event "Bad Woerishofen sen"]
[Site "?"]
[Date "2002.??.??"]
[Round "4"]
[White "Mantzouneas, Nikolaos"]
[Black "Duer, Maria"]
[Result "1/2-1/2"]
[WhiteElo "2017"]
[BlackElo "1810"]
[Annotator "ChessOrg"]
[PlyCount "120"]
[EventDate "2002.??.??"]

1. d4 d5 2. c4 c6 3. e3 Nf6 4. Nc3 e6 5. Nf3 Be7 6. Bd3 dxc4 7. Bxc4 b5 8. Bd3
O-O 9. O-O a6 10. e4 Nbd7 11. e5 Ne8 12. Qc2 g6 13. Bh6 Ng7 14. Ne4 Bb7 15. Nc5
Nxc5 16. dxc5 Bxc5 17. Rad1 Qb6 18. Ng5 Rad8 19. Ne4 Be7 20. Nf6+ Kh8 21. h4 c5
22. h5 c4 23. Be4 Bxe4 24. Qxe4 Rxd1 25. Rxd1 Rd8 26. Bxg7+ Kxg7 27. h6+ Kh8
28. Rxd8+ Qxd8 29. Qf3 a5 30. Qc6 Bf8 31. Qxb5 Bxh6 32. Qxc4 Bg7 33. Qc3 h5 34.
g3 Bh6 35. Qf3 Kg7 36. Ne4 Kf8 37. Nd6 f5 38. Qb7 Qe7 39. Qc8+ Kg7 40. Ne8+ Kh8
41. Nc7+ Kh7 42. Nxe6 Bg7 43. f4 Qb4 44. Qc3 Qb6+ 45. Nd4 Bf8 46. Kg2 Bc5 47.
Nf3 Kh6 48. e6 Kh7 49. Qf6 Qb7 50. Qc3 Bf8 51. Kh2 Bg7 52. Ne5 Qb6 53. Qd2 Qxe6
54. Qxa5 g5 55. Qb5 gxf4 56. gxf4 Qxa2 57. Qb6 Bxe5 58. fxe5 Qb1 59. Qb7+ Kh6
60. Qb6+ Kg5 1/2-1/2

[Event "Bad Woerishofen sen"]
[Site "?"]
[Date "2002.??.??"]
[Round "4"]
[White "Wild, Gerhard"]
[Black "Schratzenstaller, Albert"]
[Result "1-0"]
[WhiteElo "1987"]
[BlackElo "1744"]
[Annotator "ChessOrg"]
[PlyCount "107"]
[EventDate "2002.??.??"]

1. d4 Nf6 2. c4 e5 3. dxe5 Ne4 4. a3 Nc6 5. Nf3 d6 6. exd6 Bxd6 7. e3 O-O 8.
Be2 Qf6 9. O-O Bf5 10. Nbd2 Nc5 11. Ra2 a5 12. b3 Rad8 13. g3 g5 14. Bb2 Qg6
15. Qc1 h5 16. Qc3 f6 17. Nd4 Nxd4 18. exd4 Nd7 19. c5 Be7 20. Re1 Rfe8 21.
Raa1 Bf8 22. Qxa5 b6 23. cxb6 Nxb6 24. Bxh5 Rxe1+ 25. Rxe1 Qh7 26. Bf3 Qd7 27.
Nc4 Ra8 28. Nxb6 Rxa5 29. Nxd7 Bxd7 30. b4 Ra6 31. Kg2 Bd6 32. h3 Kg7 33. Be4
Rb6 34. d5 Rb5 35. Rd1 Rb8 36. g4 Bxb4 37. Bxf6+ Kxf6 38. Rb1 Bxa3 39. Rxb8 Bd6
40. Rd8 Bb5 41. Rg8 Bf4 42. Rg6+ Kf7 43. Rh6 Be2 44. f3 Kg7 45. Rh7+ Kf6 46. h4
gxh4 47. Rxh4 Bc4 48. Rh5 Bd6 49. f4 Be2 50. Kg3 Bb4 51. Rh6+ Ke7 52. Kh4 Be1+
53. Kg5 Bd2 54. Rh2 1-0

[Event "Bad Woerishofen sen"]
[Site "?"]
[Date "2002.??.??"]
[Round "4"]
[White "Fischer, Johann"]
[Black "Schmid, Hermann"]
[Result "1-0"]
[WhiteElo "2306"]
[BlackElo "2169"]
[Annotator "ChessOrg"]
[PlyCount "83"]
[EventDate "2002.??.??"]

1. d4 d5 2. c4 c6 3. Nc3 Nf6 4. Nf3 g6 5. cxd5 cxd5 6. Bf4 Nc6 7. e3 a6 8. h3
Bg7 9. Be2 O-O 10. O-O e6 11. a3 b6 12. b4 Bb7 13. Qb3 Nd7 14. Bg3 Qe7 15. Na4
Rfc8 16. Ra2 f6 17. Rc2 b5 18. Nc5 Nb6 19. Ne1 Nd8 20. Ned3 Nc4 21. Bf3 Bc6 22.
a4 bxa4 23. Nxa4 Bxa4 24. Qxa4 Qb7 25. Qe8+ Bf8 26. Nc5 Qf7 27. Qa4 a5 28. Rxc4
axb4 29. Qxb4 dxc4 30. Bxa8 Rxa8 31. Qxc4 Rc8 32. Qa6 Rc6 33. Qa8 Bxc5 34. dxc5
Qd7 35. Bd6 Rc8 36. Qa1 Kf7 37. Rb1 e5 38. Rb6 Rc6 39. Rb8 Rc8 40. Qa2+ Kg7 41.
Qd5 Qc6 42. Qxc6 1-0

[Event "Bad Woerishofen sen"]
[Site "?"]
[Date "2002.??.??"]
[Round "4"]
[White "Walther, Diethelm"]
[Black "Ottmann, Josef"]
[Result "1/2-1/2"]
[WhiteElo "2091"]
[BlackElo "1950"]
[Annotator "ChessOrg"]
[PlyCount "103"]
[EventDate "2002.??.??"]

1. d4 Nf6 2. Bg5 e6 3. e4 h6 4. Bxf6 Qxf6 5. Nc3 Bb4 6. Nf3 Bxc3+ 7. bxc3 d6 8.
e5 dxe5 9. dxe5 Qe7 10. Bd3 Nd7 11. O-O Nc5 12. Rb1 a5 13. Nd4 Bd7 14. f4 g6
15. g4 Nxd3 16. Qxd3 b6 17. Qf3 Rd8 18. h3 Qc5 19. Rbe1 Bb5 20. Rf2 Bc4 21. f5
Bd5 22. Qe3 gxf5 23. gxf5 Kd7 24. fxe6+ fxe6 25. Kh2 Rdg8 26. Ree2 Rg7 27. Rd2
Kc8 28. Nf5 Qxe3 29. Nxe3 Bxa2 30. c4 Rd8 31. Rxd8+ Kxd8 32. Rf6 Rd7 33. Rxe6
Re7 34. Rxh6 Rxe5 35. Ng4 Re2+ 36. Kg3 Bxc4 37. Kf4 a4 38. Ne3 Bb5 39. Rh5 Bd7
40. Rd5 Rh2 41. Ng4 Rxh3 42. Nf6 Ke7 43. Nxd7 a3 44. Rd1 Rc3 45. Ne5 Rxc2 46.
Ke3 Ke6 47. Nd3 Rh2 48. Ra1 a2 49. Nf2 c5 50. Rxa2 Kd5 51. Rb2 Kc6 52. Nd3
1/2-1/2

[Event "Bad Woerishofen sen"]
[Site "?"]
[Date "2002.??.??"]
[Round "4"]
[White "Plasswich, Heribert"]
[Black "Geissler, Dieter"]
[Result "1-0"]
[WhiteElo "1819"]
[BlackElo "2058"]
[Annotator "ChessOrg"]
[PlyCount "107"]
[EventDate "2002.??.??"]

1. e4 e5 2. Nc3 Nf6 3. f4 d6 4. Nf3 exf4 5. d4 Be7 6. Bxf4 O-O 7. Bd3 c6 8. O-O
Bg4 9. Ne2 Nbd7 10. c3 h6 11. Qc2 Rc8 12. Rad1 b5 13. h3 Be6 14. b3 Qb6 15. Kh1
Rfd8 16. Bh2 Nf8 17. Nf4 Bd7 18. e5 dxe5 19. Nxe5 Be8 20. Bf5 Ra8 21. Qe2 Bd6
22. c4 Qb7 23. d5 cxd5 24. cxd5 Bxe5 25. Qxe5 Bd7 26. Bxd7 Rxd7 27. Nh5 Nxh5
28. Qxh5 Re8 29. d6 Qe4 30. Qxb5 Rb7 31. Qa5 Qc6 32. Rc1 Qb5 33. Qxb5 Rxb5 34.
Rc7 Ra5 35. Rfxf7 Ne6 36. Rxa7 Rxa2 37. Rxg7+ Nxg7 38. Rxa2 Re1+ 39. Bg1 Rd1
40. Ra6 Nf5 41. Kh2 Nxd6 42. b4 Nf5 43. b5 Rb1 44. b6 h5 45. Ra5 Ng7 46. Rg5
Kf7 47. Ra5 h4 48. Ra7+ Kg6 49. b7 Nf5 50. Bf2 Rb2 51. Ra6+ Kg5 52. Rb6 Rxf2
53. b8=Q Ng3 54. Qg8+ 1-0

[Event "Bad Woerishofen sen"]
[Site "?"]
[Date "2002.??.??"]
[Round "4"]
[White "Oser, Thor"]
[Black "Bierbach, Utz"]
[Result "0-1"]
[WhiteElo "1684"]
[BlackElo "2033"]
[Annotator "ChessOrg"]
[PlyCount "94"]
[EventDate "2002.??.??"]

1. e4 c5 2. Nf3 d6 3. b3 Nf6 4. d3 Nc6 5. Bb2 e5 6. h3 Be7 7. Be2 h6 8. Nbd2
Be6 9. Nf1 Qd7 10. Qd2 Qc7 11. Ne3 a5 12. a4 Nd4 13. Bd1 b6 14. c4 g6 15. Nh2
h5 16. Nf3 Nh7 17. Nd5 Nxf3+ 18. Bxf3 Bxd5 19. cxd5 Bg5 20. Qc2 O-O 21. Bc1 Qe7
22. g3 Bxc1 23. Qxc1 Kg7 24. Bg2 f5 25. f3 f4 26. g4 Qh4+ 27. Ke2 Nf6 28. Qe1
Qxe1+ 29. Kxe1 Rh8 30. g5 Ne8 31. h4 Nc7 32. Bh3 Rhd8 33. Rh2 Na6 34. Rb2 Nb4
35. Kd2 Kf7 36. Kc3 Ke7 37. Kc4 Rdb8 38. Ra3 Ra7 39. Kc3 Na6 40. Rba2 Nc7 41.
Ra1 b5 42. Kc2 bxa4 43. Rxa4 Rba8 44. Bg2 Nb5 45. Kd2 Kd8 46. Kc2 Nd4+ 47. Kc3
Kc7 0-1

[Event "Bad Woerishofen sen"]
[Site "?"]
[Date "2002.??.??"]
[Round "4"]
[White "Igney, Volkhard"]
[Black "Czeitschner, Roland"]
[Result "1-0"]
[WhiteElo "2232"]
[BlackElo "1825"]
[Annotator "ChessOrg"]
[PlyCount "83"]
[EventDate "2002.??.??"]

1. d4 Nf6 2. Nf3 g6 3. c4 Bg7 4. Nc3 d5 5. e3 O-O 6. Be2 c6 7. O-O Bg4 8. cxd5
cxd5 9. Qb3 b6 10. h3 Bc8 11. Bd2 Nc6 12. Ne5 Bb7 13. Nxc6 Bxc6 14. Rfc1 Rc8
15. Ba6 Rc7 16. a4 Bb7 17. Be2 e6 18. a5 bxa5 19. Rxa5 Ne4 20. Be1 Ba8 21. Rca1
e5 22. Nxe4 dxe4 23. dxe5 Re8 24. Bc3 Qe7 25. Bd4 Rb7 26. Qa2 Qb4 27. Bc3 Qb6
28. Bc4 Ree7 29. Bd4 Qc7 30. Bd5 Bxe5 31. Bxe5 Rxe5 32. Bxb7 Bxb7 33. Rxe5 Qxe5
34. Qb3 Bd5 35. Qc3 Qe7 36. Qd4 Qe6 37. Ra5 Bb3 38. Rxa7 Bd5 39. Ra5 Bc6 40.
Rc5 Bd7 41. Rd5 Be8 42. Rd6 1-0

[Event "Bad Woerishofen sen"]
[Site "?"]
[Date "2002.??.??"]
[Round "4"]
[White "Storkebaum, Karl-Heinz"]
[Black "Hein, Manfred"]
[Result "0-1"]
[WhiteElo "1848"]
[BlackElo "2107"]
[Annotator "ChessOrg"]
[PlyCount "102"]
[EventDate "2002.??.??"]

1. d4 d5 2. c4 c6 3. Nc3 dxc4 4. a4 e5 5. e3 exd4 6. Qxd4 Qxd4 7. exd4 Be6 8.
Nf3 Na6 9. Be3 Nb4 10. O-O-O Nd5 11. Ne5 Bb4 12. Bd2 Ngf6 13. f3 O-O 14. Bxc4
Rfd8 15. Ne4 Bxd2+ 16. Rxd2 Nc7 17. Bxe6 Nxe6 18. Nxf6+ gxf6 19. Ng4 Nxd4 20.
Kb1 Kg7 21. Ne3 Nb3 22. Rd6 Rxd6 23. Nf5+ Kf8 24. Nxd6 Nc5 25. a5 Rd8 26. Nc4
Rd4 27. Rc1 Na6 28. Rc3 Nb4 29. b3 Rd1+ 30. Rc1 Rd5 31. Rc3 h5 32. g3 Rd1+ 33.
Rc1 Rd3 34. Kb2 Rxf3 35. Ka3 Nd3 36. Rc3 Ne5 37. Rxf3 Nxf3 38. h3 Ke7 39. Kb4
Ng5 40. h4 Ne4 41. Ne3 Nxg3 42. Kc5 Kd7 43. b4 Ne4+ 44. Kd4 Nd6 45. Ng2 Nf5+
46. Ke4 Ng7 47. Nf4 Kd6 48. Nd3 f5+ 49. Kf4 f6 50. Ke3 Ne6 51. Nf2 Kd5 0-1

[Event "Bad Woerishofen sen"]
[Site "?"]
[Date "2002.??.??"]
[Round "4"]
[White "Janssen, Helmut"]
[Black "Wunderer, Eckart"]
[Result "0-1"]
[WhiteElo "1910"]
[BlackElo "2190"]
[Annotator "ChessOrg"]
[PlyCount "44"]
[EventDate "2002.??.??"]

1. e4 d6 2. d4 Nf6 3. Nc3 c6 4. Nf3 Bg4 5. Be2 Nbd7 6. h3 Bxf3 7. Bxf3 e5 8.
Be3 Be7 9. O-O O-O 10. Qd2 Qc7 11. Be2 Rad8 12. f4 b5 13. a3 Nb6 14. g4 Nc4 15.
Bxc4 bxc4 16. Qe2 exf4 17. Bxf4 Qb6 18. Qxc4 Nxe4 19. Nxe4 d5 20. Qd3 dxe4 21.
Qc3 Bf6 22. Be5 Bxe5 0-1

[Event "Bad Woerishofen sen"]
[Site "?"]
[Date "2002.??.??"]
[Round "4"]
[White "Rahn, Oskar"]
[Black "Fleckner, Hans"]
[Result "1-0"]
[WhiteElo "2060"]
[BlackElo "1845"]
[Annotator "ChessOrg"]
[PlyCount "105"]
[EventDate "2002.??.??"]

1. d4 Nf6 2. Bg5 e6 3. e4 h6 4. Bxf6 Qxf6 5. Nc3 d6 6. Qd2 a6 7. f4 g6 8. Nf3
Bg7 9. e5 Qd8 10. Bd3 Nc6 11. a3 O-O 12. O-O Ne7 13. Ne4 Nf5 14. c3 d5 15. Nf2
b6 16. b4 Bd7 17. Qe2 Qc8 18. Ng4 Qd8 19. Bxa6 h5 20. Nf2 Qe8 21. Bd3 Qe7 22.
Ra2 Ra7 23. Rfa1 Rfa8 24. Nd1 c5 25. Bb5 c4 26. a4 Qe8 27. Bxd7 Qxd7 28. Qc2
Bf8 29. a5 b5 30. g3 Ra6 31. Qe2 Be7 32. Ne3 Nxe3 33. Qxe3 Kg7 34. h3 Rh8 35.
Rh2 Qd8 36. Raa2 Qf8 37. Rab2 Qd8 38. g4 Qd7 39. Rhg2 Raa8 40. Nh2 Rh7 41. Qf3
Kh8 42. Nf1 Rd8 43. Ne3 Qc8 44. Nf1 Qd7 45. Ng3 h4 46. Nf1 Qc8 47. g5 Kg7 48.
Nh2 Rdh8 49. Ng4 Rh5 50. Nf6 Bxf6 51. exf6+ Kf8 52. Qe3 Rg8 53. Qe5 1-0

[Event "Bad Woerishofen sen"]
[Site "?"]
[Date "2002.??.??"]
[Round "4"]
[White "Born, Bernd-Ludger"]
[Black "Marzluf, Dieter"]
[Result "1/2-1/2"]
[WhiteElo "2017"]
[BlackElo "1831"]
[Annotator "ChessOrg"]
[PlyCount "133"]
[EventDate "2002.??.??"]

1. c4 c5 2. g3 Nc6 3. Bg2 g6 4. Nc3 Bg7 5. d3 d6 6. e3 Bd7 7. Nge2 Nf6 8. O-O
a6 9. Rb1 O-O 10. a3 Qc8 11. Re1 Bh3 12. Bh1 Rb8 13. b4 Rd8 14. Nf4 Bf5 15. b5
Ne5 16. Ncd5 Qd7 17. e4 Bg4 18. f3 Be6 19. Nxe6 fxe6 20. Ne3 axb5 21. cxb5 Nf7
22. Qb3 Kf8 23. Bg2 e5 24. a4 b6 25. Re2 d5 26. Bb2 d4 27. Nc4 Ne8 28. Bc1 Ned6
29. Nb2 Bh6 30. f4 Qg4 31. Rf2 exf4 32. Bxf4 Bxf4 33. Rxf4 Qh5 34. Rbf1 e6 35.
Qxe6 Rb7 36. Bh3 Kg7 37. Qg4 Qxg4 38. Bxg4 Ne5 39. Be6 Re7 40. Bd5 Ree8 41. Kg2
Rf8 42. h3 g5 43. R4f2 Rxf2+ 44. Rxf2 Rf8 45. Kf1 Rxf2+ 46. Kxf2 Kf6 47. Ke2 h5
48. h4 gxh4 49. gxh4 Ng6 50. a5 Nf4+ 51. Kf3 Nxd5 52. exd5 bxa5 53. Na4 Nxb5
54. Nxc5 Ke5 55. Na4 Nc3 56. Nb6 a4 57. Nc4+ Kxd5 58. Kf4 Ne2+ 59. Kg5 Ng3 60.
Nb6+ Kc5 61. Nxa4+ Kb4 62. Nb6 Kc3 63. Kf4 Ne2+ 64. Ke4 Ng3+ 65. Kf4 Ne2+ 66.
Ke4 Ng3+ 67. Kf4 1/2-1/2

[Event "Bad Woerishofen sen"]
[Site "?"]
[Date "2002.??.??"]
[Round "4"]
[White "Neese, Hans-Joachim"]
[Black "Bareth, Walter"]
[Result "1/2-1/2"]
[WhiteElo "2136"]
[BlackElo "1851"]
[Annotator "ChessOrg"]
[PlyCount "138"]
[EventDate "2002.??.??"]

1. d4 d5 2. Nf3 Bf5 3. c4 e6 4. Nc3 c6 5. Qb3 Qb6 6. c5 Qc7 7. g3 Nd7 8. Bf4
Qc8 9. Rc1 Ngf6 10. Bg2 Be7 11. O-O Bd8 12. Nh4 Bg6 13. f3 Bc7 14. Be3 e5 15.
Bf2 O-O 16. Nxg6 hxg6 17. e3 Re8 18. Bh3 Rb8 19. Qa3 a6 20. b4 Qd8 21. Qb2 Nf8
22. Rfe1 Ne6 23. f4 e4 24. Qe2 Qe7 25. Rb1 g5 26. Kh1 Nh7 27. f5 Nef8 28. Rf1
Qf6 29. Be1 Qh6 30. Kg2 Nf6 31. g4 N6d7 32. Rh1 Nh7 33. Qf1 g6 34. Ne2 gxf5 35.
Qxf5 Qe6 36. Ng3 Ndf8 37. Qxe6 fxe6 38. Rf1 Ng6 39. Nh5 Rf8 40. Bg3 Bxg3 41.
Kxg3 Nh4 42. Rb2 Rxf1 43. Bxf1 Rf8 44. Be2 Nf3 45. a4 e5 46. dxe5 Nxe5 47. Kg2
Nf6 48. Nxf6+ Rxf6 49. h3 Kg7 50. Rc2 Ng6 51. Rc1 Ne5 52. Rh1 Ng6 53. Kg3 Nh4
54. Rd1 Ng6 55. b5 axb5 56. axb5 Ne5 57. b6 Nd7 58. Rc1 Rf8 59. h4 Kg6 60. hxg5
Kxg5 61. Rh1 Nxc5 62. Rh7 Rb8 63. Rh5+ Kg6 64. g5 Nd7 65. Kh4 Nxb6 66. Rh6+ Kg7
67. Re6 Rd8 68. Re7+ Kg8 69. Rxb7 Nc4 1/2-1/2

[Event "Bad Woerishofen sen"]
[Site "?"]
[Date "2002.??.??"]
[Round "5"]
[White "Zunker, Reinhard"]
[Black "Goy, Udo"]
[Result "1/2-1/2"]
[WhiteElo "2227"]
[BlackElo "2191"]
[Annotator "ChessOrg"]
[PlyCount "143"]
[EventDate "2002.??.??"]

1. e4 e6 2. d4 d5 3. Nd2 Nf6 4. e5 Nfd7 5. Bd3 b6 6. Qf3 Ba6 7. c4 Nc6 8. Ne2
Nb4 9. a3 Nxd3+ 10. Qxd3 dxc4 11. Qc2 b5 12. f4 Nb6 13. O-O c5 14. Nf3 cxd4 15.
Nexd4 Bc5 16. Rd1 Bb7 17. Kh1 Bxf3 18. Nxf3 Nd5 19. f5 g6 20. Bg5 Qc8 21. fxe6
fxe6 22. Qe4 Qc6 23. Bf6 O-O 24. Ng5 Rac8 25. Nxe6 Nxf6 26. Qxc6 Rxc6 27. Nxf8
Ng4 28. Nd7 Nf2+ 29. Kg1 Nxd1+ 30. Nxc5 Rxc5 31. Rxd1 Rxe5 32. Kf2 Kf7 33. Rd7+
Re7 34. Rd6 Ke8 35. Ra6 Kd8 36. Kf3 Kc8 37. a4 b4 38. Ra5 c3 39. bxc3 b3 40.
Rd5 Rc7 41. Ke2 Rxc3 42. Rd3 Rc2+ 43. Kd1 Rxg2 44. Rc3+ Kd8 45. Rd3+ Kc7 46.
Rc3+ Kd6 47. Rxb3 Rxh2 48. Rb7 g5 49. Rxa7 Ke5 50. a5 g4 51. a6 Kf4 52. Rf7+
Ke3 53. Re7+ Kf3 54. Rf7+ Kg2 55. a7 Rh1+ 56. Ke2 Ra1 57. Rxh7 Ra3 58. Rg7 g3
59. Ke1 Ra2 60. Rf7 Kh2 61. Rh7+ Kg1 62. Rg7 g2 63. Rh7 Ra6 64. Ke2 Re6+ 65.
Kd3 Re8 66. Kc4 Rg8 67. Rg7 Rxg7 68. a8=Q Rg4+ 69. Kd3 Kh2 70. Qh8+ Kg3 71.
Qe5+ Rf4 72. Qg5+ 1/2-1/2

[Event "Bad Woerishofen sen"]
[Site "?"]
[Date "2002.??.??"]
[Round "5"]
[White "Bierbach, Utz"]
[Black "Bierwisch, Bernhard"]
[Result "1/2-1/2"]
[WhiteElo "2033"]
[BlackElo "2171"]
[Annotator "ChessOrg"]
[PlyCount "84"]
[EventDate "2002.??.??"]

1. d4 Nf6 2. c4 d6 3. Nc3 g6 4. e4 Bg7 5. Be2 O-O 6. Bg5 c5 7. d5 Qa5 8. Bd2
Qc7 9. h4 h5 10. f3 e6 11. Nh3 exd5 12. cxd5 Nbd7 13. Nf2 a6 14. a4 Rb8 15. g4
c4 16. gxh5 Nxh5 17. Rg1 Bd4 18. f4 Qc5 19. Rg2 Ndf6 20. Bxh5 Bxf2+ 21. Rxf2
Nxh5 22. Qf3 b5 23. Rg2 Kh7 24. Be3 Qc7 25. Rg5 f6 26. Rxh5+ gxh5 27. Qxh5+ Kg8
28. Kf2 Qh7 29. Qxh7+ Kxh7 30. axb5 axb5 31. Ra7+ Kg8 32. f5 Rf7 33. Ra1 b4 34.
Ne2 Re7 35. Kf3 Bxf5 36. exf5 Rbe8 37. Rg1+ Kh7 38. Bd4 Rxe2 39. Bxf6 R2e3+ 40.
Kf2 Rd3 41. Rg7+ Kh6 42. Rg6+ Kh7 1/2-1/2

[Event "Bad Woerishofen sen"]
[Site "?"]
[Date "2002.??.??"]
[Round "5"]
[White "Thielemann, Joachim"]
[Black "Igney, Volkhard"]
[Result "0-1"]
[WhiteElo "2073"]
[BlackElo "2232"]
[Annotator "ChessOrg"]
[PlyCount "78"]
[EventDate "2002.??.??"]

1. e4 c6 2. d4 d5 3. Nd2 dxe4 4. Nxe4 Nd7 5. Ne2 Ngf6 6. N2g3 Qc7 7. Be3 e6 8.
Be2 Nd5 9. O-O Nxe3 10. fxe3 Be7 11. Nh5 O-O 12. Qe1 f5 13. Neg3 Nb6 14. c4 e5
15. c5 Nd5 16. Bc4 Kh8 17. e4 Nf6 18. Nxf6 Bxf6 19. Nxf5 Bxf5 20. Rxf5 g6 21.
Rf3 exd4 22. Qd2 Qe5 23. Raf1 Qxc5 24. Bd3 Be5 25. Qh6 Rxf3 26. Rxf3 Bg7 27.
Qd2 Rf8 28. a3 Be5 29. Rf2 Rxf2 30. Qxf2 Qc1+ 31. Bf1 Kg7 32. Qe2 h5 33. g3 a5
34. Kf2 a4 35. Kg1 Qe3+ 36. Kg2 b5 37. Qd3 h4 38. gxh4 Qf4 39. Kh1 Qxh2# 0-1

[Event "Bad Woerishofen sen"]
[Site "?"]
[Date "2002.??.??"]
[Round "5"]
[White "Gretzer, Otmar"]
[Black "Fischer, Johann"]
[Result "0-1"]
[WhiteElo "2174"]
[BlackElo "2306"]
[Annotator "ChessOrg"]
[PlyCount "66"]
[EventDate "2002.??.??"]

1. e4 e5 2. Nf3 Nc6 3. d4 exd4 4. Bc4 Nf6 5. O-O Be7 6. e5 Ne4 7. c3 d5 8. exd6
Nxd6 9. Bd5 dxc3 10. Bxc6+ bxc6 11. Nxc3 Bg4 12. Bf4 O-O 13. Rc1 Rb8 14. Na4
Rb4 15. Bg3 Bxf3 16. gxf3 Qd7 17. Kg2 h5 18. a3 Rb5 19. h4 Rd5 20. Qc2 Rd4 21.
Nc5 Qd8 22. Ne4 Nf5 23. Nf6+ Bxf6 24. Qxf5 g6 25. Qc2 Bxh4 26. Rfd1 Bxg3 27.
fxg3 Re8 28. Rxd4 Qxd4 29. Rf1 c5 30. Rf2 Re3 31. Qd2 Rb3 32. Qc2 c4 33. f4 Qe3
0-1

[Event "Bad Woerishofen sen"]
[Site "?"]
[Date "2002.??.??"]
[Round "5"]
[White "Delander, Adolf"]
[Black "Aigner, Georg"]
[Result "1-0"]
[WhiteElo "2252"]
[BlackElo "1830"]
[Annotator "ChessOrg"]
[PlyCount "85"]
[EventDate "2002.??.??"]

1. d4 d5 2. Nf3 Bg4 3. Nbd2 Nf6 4. c4 e6 5. a3 Nbd7 6. e3 c6 7. Be2 Bd6 8. c5
Bc7 9. b4 e5 10. dxe5 Nxe5 11. Bb2 Qe7 12. O-O Rd8 13. Nb3 O-O 14. Bxe5 Bxe5
15. Nxe5 Bxe2 16. Nxc6 bxc6 17. Qxe2 d4 18. Rfd1 dxe3 19. Qxe3 Qc7 20. Qg3 Qxg3
21. hxg3 Nd5 22. Na5 Ne7 23. Rd6 Rxd6 24. cxd6 Nc8 25. Rd1 Rd8 26. d7 Nb6 27.
Nxc6 Rxd7 28. Rxd7 Nxd7 29. Nxa7 Nb6 30. Kf1 Kf8 31. Ke2 Ke7 32. Kd3 Kd6 33.
Nb5+ Ke5 34. Nc3 f5 35. a4 h5 36. a5 Nd7 37. f4+ Kd6 38. Kc4 Nf6 39. b5 Ng4 40.
a6 Kc7 41. Nd5+ Kb8 42. b6 Ne3+ 43. Nxe3 1-0

[Event "Bad Woerishofen sen"]
[Site "?"]
[Date "2002.??.??"]
[Round "5"]
[White "Servaty, Rudolf"]
[Black "Niebling, Ferdinand"]
[Result "1-0"]
[WhiteElo "2201"]
[BlackElo "2192"]
[Annotator "ChessOrg"]
[PlyCount "67"]
[EventDate "2002.??.??"]

1. d4 Nf6 2. c4 e6 3. Nf3 b6 4. g3 Ba6 5. Qc2 Bb7 6. Bg2 c5 7. e3 Nc6 8. O-O
Rc8 9. Nc3 cxd4 10. exd4 d5 11. Bg5 Be7 12. Bxf6 Bxf6 13. cxd5 exd5 14. Rfe1+
Kf8 15. Rad1 g6 16. Qd2 Kg7 17. h4 Qd6 18. a3 Rhe8 19. Bh3 Rcd8 20. Ne2 Na5 21.
h5 Nc4 22. h6+ Kg8 23. Qc3 Bc8 24. Bxc8 Rxc8 25. Nf4 Qd7 26. Kg2 Re4 27. Ne5
Nxe5 28. Nxd5 Qxd5 29. Qxc8+ Bd8 30. Rxe4 Qxe4+ 31. Kh3 f5 32. Qxd8+ Kf7 33.
dxe5 Qg4+ 34. Kh2 1-0

[Event "Bad Woerishofen sen"]
[Site "?"]
[Date "2002.??.??"]
[Round "5"]
[White "Bareth, Walter"]
[Black "Minz, Michail"]
[Result "0-1"]
[WhiteElo "1851"]
[BlackElo "2133"]
[Annotator "ChessOrg"]
[PlyCount "100"]
[EventDate "2002.??.??"]

1. d4 d5 2. Nf3 c6 3. Bf4 Nf6 4. e3 Qb6 5. Qc1 Nh5 6. Bxb8 Rxb8 7. Be2 Nf6 8.
O-O Bg4 9. Nbd2 e6 10. Re1 Bd6 11. c4 Qd8 12. a3 O-O 13. b4 h6 14. h3 Bf5 15.
Qc3 Qe7 16. Bd3 Ne4 17. Qc2 Nxd2 18. Nxd2 Bxd3 19. Qxd3 Bc7 20. Rad1 Qd6 21.
Nf1 dxc4 22. Qxc4 Qd5 23. Qxd5 cxd5 24. Nd2 Bd6 25. Nb3 b6 26. Ra1 Rfc8 27. g3
Rc3 28. Reb1 Rbc8 29. Rc1 f5 30. Kf1 R8c7 31. Rxc3 Rxc3 32. Nc1 a5 33. bxa5
bxa5 34. a4 Bb4 35. Ne2 Rc2 36. Rc1 Rc4 37. Rxc4 dxc4 38. Nc1 Kf7 39. Ke2 Bc3
40. Kd1 Bb4 41. Ne2 Kf6 42. Nf4 g5 43. Ne2 e5 44. f3 Ke6 45. dxe5 Kxe5 46. g4
fxg4 47. hxg4 Kd5 48. Nd4 Bc5 49. Nf5 Ke5 50. Ke2 h5 0-1

[Event "Bad Woerishofen sen"]
[Site "?"]
[Date "2002.??.??"]
[Round "5"]
[White "Moeckel, Edgar"]
[Black "Marzluf, Dieter"]
[Result "0-1"]
[WhiteElo "2049"]
[BlackElo "1831"]
[Annotator "ChessOrg"]
[PlyCount "64"]
[EventDate "2002.??.??"]

1. d4 e6 2. c4 c5 3. d5 exd5 4. cxd5 d6 5. Nc3 g6 6. e4 Bg7 7. f4 Nh6 8. Nf3
O-O 9. Bc4 a6 10. a4 Re8 11. Qc2 f5 12. O-O fxe4 13. Nxe4 Bf5 14. Re1 Nd7 15.
a5 Nf6 16. Nxf6+ Qxf6 17. Qd2 Bg4 18. Ra3 Bxf3 19. Rxf3 Rxe1+ 20. Qxe1 Qd4+ 21.
Re3 Nf5 22. b3 Nxe3 23. Bxe3 Qe4 24. Qd2 Re8 25. Bf2 Qb1+ 26. Bf1 Qxb3 27. g4
Qb4 28. Qxb4 cxb4 29. Bd3 b3 30. f5 gxf5 31. Bxf5 b2 32. Bb1 Rc8 0-1

[Event "Bad Woerishofen sen"]
[Site "?"]
[Date "2002.??.??"]
[Round "5"]
[White "Hausner, Alfreda"]
[Black "Storkebaum, Karl-Heinz"]
[Result "1/2-1/2"]
[WhiteElo "1640"]
[BlackElo "1848"]
[Annotator "ChessOrg"]
[PlyCount "89"]
[EventDate "2002.??.??"]

1. d4 Nf6 2. Nf3 e6 3. Bf4 d5 4. c3 b6 5. e3 Bd6 6. Bxd6 Qxd6 7. Nbd2 O-O 8.
Bd3 Bb7 9. O-O Nbd7 10. h3 Ne4 11. Qe2 c5 12. Ba6 Bxa6 13. Qxa6 f5 14. Qe2 Rac8
15. Rac1 Ndf6 16. Ne5 Nxd2 17. Qxd2 Ne8 18. Qe1 f4 19. exf4 Rxf4 20. f3 Nf6 21.
Qe3 Rh4 22. f4 Ne4 23. Rf3 Rf8 24. Rcf1 cxd4 25. cxd4 Qb4 26. Nd3 Qa5 27. Qe1
Qxe1 28. Rxe1 Rc8 29. Rfe3 Rh6 30. Nf2 Nxf2 31. Kxf2 Rc4 32. Rd3 Rf6 33. Kg3
Rc2 34. Rde3 Rxb2 35. Rxe6 Rxa2 36. Re8+ Kf7 37. R8e7+ Kg6 38. R1e5 Kh6 39. Rg5
Rg6 40. h4 Rxg5+ 41. hxg5+ Kg6 42. Re5 b5 43. Rxd5 b4 44. Rb5 a5 45. Kf3
1/2-1/2

[Event "Bad Woerishofen sen"]
[Site "?"]
[Date "2002.??.??"]
[Round "5"]
[White "Schmid, Hermann"]
[Black "Wild, Gerhard"]
[Result "1/2-1/2"]
[WhiteElo "2169"]
[BlackElo "1987"]
[Annotator "ChessOrg"]
[PlyCount "58"]
[EventDate "2002.??.??"]

1. d4 d5 2. Nf3 Nf6 3. e3 c5 4. c3 Nc6 5. Nbd2 Bg4 6. h3 Bxf3 7. Qxf3 e6 8. Bd3
Rc8 9. O-O Be7 10. Re1 O-O 11. Qe2 e5 12. dxe5 Nxe5 13. Bc2 Re8 14. b3 Bd6 15.
Bb2 Bc7 16. Rad1 Qd6 17. Nf1 Qc6 18. Bb1 b5 19. Nd2 Rcd8 20. e4 d4 21. cxd4
cxd4 22. Nf3 Nxf3+ 23. Qxf3 Bb6 24. Bd3 a6 25. Rc1 Qb7 26. Qf5 Nd7 27. f4 g6
28. Qg5 f6 29. Qg3 Nc5 1/2-1/2